000 00264nam a22001217a 4500
008 170512b xxu||||| |||| 00| 0 eng d
041 _aeng
080 _a16
100 _a94
101 _a16
245 _aTHE WEST IN THE WORLD
_cSHERMAN.D
942 _2udc
_cBK
999 _c13272
_d13272